Statistics for AC/DC songs by lyrics

Click here to take the quiz!

General Stats

  • This quiz has been taken 85 times
  • The average score is 9 of 15

Answer Stats

HintAnswer% Correct
Don't need reason, don't need rhyme / Ain't nothing I would rather do / Going down, party time / My friends are gonna be there tooHighway to Hell
89%
I got nine lives / Cat's eyes / Abusin' every one of them and running wildBack in Black
88%
Sound of the drums / Beating in my heart / The thunder of guns / Tore me apartThunderstruck
81%
She was a fast machine / She kept her motor clean / She was the best damn woman I had ever seenYou Shook Me All Night Long
77%
I'm dirty, mean and mighty unclean / I'm a wanted manTNT
75%
If you're havin' trouble with the high school head / He's givin' you the blues Dirty Deeds Done Dirt Cheap
73%
Ridin' down the highway / Goin' to a show / Stop in all the by-ways / Playin' rock 'n' rollIt's a Long Way to the Top (If You Wanna Rock 'n Roll)
64%
Stand up and be counted / For what you are about to receiveFor Those About to Rock (We Salute You)
63%
We're just listening to the rock that's giving too much noise / Are you deaf, you want to hear some moreRock and Roll Ain't Noise Pollution
49%
Hey little girl, you want it all / The furs, the diamonds, the painting on the wallMoneytalks
45%
There was a friend of mine on murder / And the judge's gavel fell / Jury found him guilty / Gave him sixteen years in hellJailbreak
42%
The video game says "play me" / Face it on a level but it takes you every time on a one on oneWho Made Who
40%
I've been around the world / I've seen a million girls / Ain't one of them got / What my lady she's gotGirls Got Rhythm
36%
Well, I was out on a drive, on a bit of a trip / Looking for thrills to get me some kicksStiff Upper Lip
29%
I gotta keep that motor turning / I gotta keep that engine clean / I gotta keep those tires burning / I've got the best you've ever seenHeatseeker
22%

Score Distribution

Percentile by Number Answered

Percent of People with Each Score

Your Score History

You have not taken this quiz